[Event "Port of Spain op"]
[Site "Port of Spain"]
[Date "2017.08.27"]
[Round "1"]
[White "Seaforth, Sylvan"]
[Black "Smith, Shreyas"]
[Result "0-1"]
[WhiteElo "1760"]
[BlackElo "2168"]
[PlyCount "80"]
[EventDate "2017.08.27"]
[EventType "swiss"]
[EventRounds "9"]
[EventCountry "TRI"]
[SourceTitle "CBM 180 Extra"]
[Source "ChessBase"]
[SourceDate "2017.10.06"]
[SourceVersion "1"]
[SourceVersionDate "2017.10.06"]
[SourceQuality "1"]

1. d4 Nf6 2. Bf4 g6 3. Nd2 d5 4. c3 Bg7 5. Ngf3 0-0 6. e3 c5 7. Be2 Nc6 8. h4 Qb6 9. Qc1 Bg4 10. Bd3 Rac8 11. Ne5 cxd4 12. Nxc6 Rxc6 13. exd4 Nd7 14. Nb3 e5 15. Bh6 e4 16. Bxg7 Kxg7 17. Bc2 e3 18. f3 Qc7 19. Ke2 Qg3 20. Qg1 Rf6 21. Rf1 Re8 22. Nc1 Nb6 23. b3 Bd7 24. Nd3 Bb5 25. h5 Qc7 26. c4 dxc4 27. Nc5 cxb3+ 28. Bd3 Bxd3+ 29. Kxd3 Nd5 30. hxg6 Rxg6 31. Qh2 Qxh2 32. Rxh2 Nf4+ 33. Kc3 bxa2 34. Kb2 b6 35. Ne4 e2 36. Rfh1 e1Q 37. Rxh7+ Kf8 38. Rh8+ Ke7 39. Rxe8+ Kxe8 40. Nd6+ Kd7 0-1